000 00437nam a2200169Ia 4500
001 35769
008 140421s9999 xx 000 0 und d
020 _a019567331x
040 _cPK-LaUMT
082 _a 294.337
_bPUR-E
100 _aPuri, Bharati
245 _aEngaged Buddhism
_bthe Dalai Lama's worldview
_cPuri, Bharati
260 _aOxford,USA:
_bOxford University Press,
_c2006
300 _a255 p.
546 _aEN
942 _cBK
999 _c35284
_d35284